00642cam a22002411 4500001001300000003000400013005001700017008004100034010001700075035002000092040001800112041001100130042001200141050002400153100001800177245002100195260001100216300002800227500006400255504003100319700003300350999001700383sa 68010819 DLC20260227112555.0900216s1968 ii b 000 0 sano  asa 68010819  a(OCoLC)21075850 aDLCcWaUdDLC0 asanhin apremarc00aPK3791.B28bN5 19680 aBhartr̥hari.10aNītiśatakam. c[1968] axii, 38, 310 p.c19 cm. aHindi and Sanskrit; introductory matter and notes in Hindi. aBibliographical footnotes.1 aSharma, Vishnu Dutta,d1936- c83570d83570